Design and testing of electrical machines (Record no. 23295)

000 -LEADER
fixed length control field 00477nam a22001817a 4500
001 - CONTROL NUMBER
control field 23295
003 - CONTROL NUMBER IDENTIFIER
control field BD-DhUET
008 - FIXED-LENGTH DATA ELEMENTS--GENERAL INFORMATION
fixed length control field 150503b xxu||||| |||| 00| 0 eng d
040 ## - CATALOGING SOURCE
Original cataloging agency DLC
Transcribing agency DLC
Modifying agency BD-DhUET
082 ## - DEWEY DECIMAL CLASSIFICATION NUMBER
Classification number 623.13072
Item number DES/1983
100 ## - MAIN ENTRY--PERSONAL NAME
Personal name Deshpande, M. V.
245 ## - TITLE STATEMENT
Title Design and testing of electrical machines
250 ## - EDITION STATEMENT
Edition statement 1st ed.
260 ## - PUBLICATION, DISTRIBUTION, ETC. (IMPRINT)
Place of publication, distribution, etc. Allahabad
Name of publisher, distributor, etc. Wheeler
Date of publication, distribution, etc. 1983
300 ## - PHYSICAL DESCRIPTION
Extent xvi, 516 p.
Other physical details ill.
650 #0 - SUBJECT ADDED ENTRY--TOPICAL TERM
Topical term or geographic name as entry element Electrical machinery experiments
942 ## - ADDED ENTRY ELEMENTS (KOHA)
Koha item type General Book
Holdings
Date acquired Withdrawn status Copy number Source of classification or shelving scheme Lost status Shelving location Not for loan Location (home branch) Koha full call number Sublocation or collection (holding branch) Damaged status Piece designation (barcode) Price effective from Koha normalized classification for sorting Koha date last seen Koha item type
2015-05-03 1  Circulation section Central Library, BUET623.13072/DES/1983Central Library, BUET 724342015-05-03623_130720000000000_DES_19832015-05-03General Book
2015-05-03 2  Circulation section Central Library, BUET623.13072/DES/1983Central Library, BUET 724322015-05-03623_130720000000000_DES_19832015-05-03General Book
2015-05-03 3  Circulation section Central Library, BUET623.13072/DES/1983Central Library, BUET 724312015-05-03623_130720000000000_DES_19832016-04-11General Book
2015-05-03 4  Circulation section Central Library, BUET623.13072/DES/1983Central Library, BUET 724332015-05-03623_130720000000000_DES_19832015-05-03General Book
2015-06-28 5  Reading section Central Library, BUET623.13072/DES/1983Central Library, BUET 724352015-06-28623_130720000000000_DES_19832015-06-28Reading Item
2015-06-28 6  Reading section Central Library, BUET623.13072/DES/1983Central Library, BUET 726832015-06-28623_130720000000000_DES_19832015-06-28Reading Item